000 00878nam a2200241Ia 4500
003 OSt
005 20220923230144.0
006 a|||||r|||| 00| 0
007 ta
008 220922b |||||||| |||| 00| 0 hin d
024 _a277,863
037 _cTextual
040 _aARTS
_cARTS
_bhin
041 _2hin
_ahin
082 _aW, 152L8;M3
100 _aवीरकेश्वर प्रसाद सिंह
245 0 _aराजनीतिक शास्त्र के मूल सिद्धान्त
246 _aRājanītik shāstra ke mūl siddhānta
260 _aनई दिल्ली
_b ज्ञानदा प्रकाशन
_c1983
650 _aभारतीय राजनीति
_9156264
942 _hW, 152L8;M3
_cTEXL
_2CC
999 _c382913
_d382913